Statistics for Jim Henson Filmography

Click here to take the quiz!

General Stats

  • This quiz has been taken 33 times
    (10 since last reset)
  • The average score is 8 of 143

Answer Stats

TypeYearName% Correct
Film1979The Muppet Movie
100%
TV Show1983-1987Fraggle Rock
78%
TV Show1969-1997Sesame Street
56%
Film1982The Dark Crystal
56%
Short Documentary2018The Dark Crystal: The Magic, Myth, and the Henson Legacy
56%
TV Show1976-1981The Muppet Show
56%
Film1986Labyrinth
33%
TV Show1955-1961Sam and Friends
33%
Film1981The Great Muppet Caper
33%
Film1984The Muppets Take Manhattan
33%
Film1985Follow That Bird
22%
TV Show1988Muppet Babies
22%
TV Show1978, 1990The Magical World of Disney
22%
TV Show1987The Storyteller
22%
TV Special1987A Muppet Family Christmas
11%
TV Show1985Jim Henson's Little Muppet Monsters
11%
TV Show1985Little Muppet Monsters
11%
Theme Park Attraction2001-201Muppet*Vision 3D
11%
TV Show1975-1976Saturday Night Live
11%
TV Special1989Sesame Street... 20 Years & Still Counting
11%
TV Film1972The Muppet Musicians of Bremen
11%
TV Special1986The Muppets: A Celebration of 30 Years
11%
TV Special1990The Muppets at Walt Disney World
11%
TV Pilot1975The Muppet Show: Sex and Violence
11%
TV Documentary1970The Muppets on Puppets
11%
TV Special1974The Muppets Valentine Show
11%
TV Film | TV Special1986The Tale of the Bunny Picnic
11%
Short Film1965Time Piece
11%
TV Special19841984 Macy's Thanksgiving Day Parade
0%
TV Show1987Alive from Off Center
0%
TV Short1990Basil Hears a Noise
0%
TV Film1983Big Bird in China
0%
Short Film1987Big Bird's Story Time
0%
Film1985Children's Songs and Stories with the Muppets
0%
TV Film1978Christmas Eve on Sesame Street
0%
Short Film1967Coffee Break Machine
0%
Film1985Country Music with the Muppets
0%
TV Show1987Dolly
0%
TV Film1983Don't Eat the Pictures: Sesame Street at the Metropolitan Museum of Art
0%
TV Documentary1987Down at Fraggle Rock... Behind the Scenes
0%
Short Film1961Drums West
0%
TV Show1984El Kiosco
0%
TV Film1977Emmet Otter's Jug-Band Christmas
0%
Film1987Ernest Goes to Camp
0%
Film1985Fozzie's Muppet Scrapbook
0%
TV Film1988Free to Be... a Family
0%
Film1985Gonzo Presents Muppet Weird Stuff
0%
TV Show1985Great Performances
0%
TV Special1983Happy Birthday, Bob!
0%
TV Special1978Happy Birthday, Bob
0%
TV Documentary1984Henson's Place
0%
TV Documentary1981Here Come the Puppets!
0%
TV Film1969Hey, Cinderella!
0%
Film1988Hey, You're as Funny as Fozzie Bear
0%
TV Special1982I Love Liberty
0%
TV Short1987Inner Tube
0%
Film1985Into the Night
0%
TV Show1985Jim Henson Presents the World of International Puppeteering
0%
TV Special1979John Denver and the Muppets: A Christmas Together
0%
TV Special1975Julie Andrews: One to One
0%
TV Film1975Julie: My Favourite Things
0%
TV Special1973Julie on Sesame Street
0%
Short Film1986Learning About Letters
0%
Short Film1986Learning About Numbers
0%
Short Film1987Learning to Add and Subtract
0%
Video Game1988Let's Learn to Play Together
0%
Short Film1988Magic on Sesame Street
0%
TV Show1990Mother Goose Stories
0%
Short Film1987Muppet Breakaway
0%
Short Film1979Muppet Breaker Upper
0%
Short Film1983Muppet Breakthrough
0%
Short Film1987Muppet Coffee Break
0%
Short Film1979Muppet Gimme a Break
0%
Short Film1985Muppet Lift Off
0%
Short Film1988Muppet Madness
0%
Film1985Muppet Moments
0%
Short Film1985Muppet Perk-Up
0%
Short Film1975Muppet Picker Upper
0%
Short Film1981Muppet Side Splitter
0%
TV Short1975Muppets No-Nonsense Show
0%
Film1985Muppet Treasures
0%
TV Show1969NBC Experiment in Television
0%
TV Special1985Night of 100 Stars II
0%
TV Documentary1981Of Muppets and Men: The Making of 'The Muppet Show'
0%
TV Show1967Our Place
0%
TV Film1974Out to Lunch
0%
TV Show1975Peter Alexander Präsentiert Spezialitäten
0%
Commercial1981Polaroid OneStep
0%
TV Film1971Pure Goldie
0%
TV Show1985Reading Rainbow
0%
Film1985Rock Music with the Muppets
0%
TV Special1983Rocky Mountain Holiday with John Denver and the Muppets
0%
Film1985Rowlf's Rhapsodies with the Muppets
0%
Short Film1965Rumple Wrinkle Shrinkel Stretchelstiltzkin
0%
Video Game1988Sesame Street: Oscar's Letter Party
0%
Short Film1969Sesame Street Pitch Reel
0%
TV Special1988Sesame Street, Special
0%
TV Show1987-1990Shalom Sesame
0%
Short Film1965Shrinkel and Stretchel
0%
Short Film1967Shrinkenstein
0%
TV Show1971SIE - er - ES
0%
Short Film1987Sing Along
0%
Film1988Sing-Along, Dance-Along, Do-Along
0%
TV Special1990Sing! Sesame Street Remembers Joe Raposo and His Music
0%
TV Film1962Tales of the Tinkerdee
0%
TV Show1968That's Life
0%
Award Show1979The 31st Annual Primetime Emmy Awards
0%
Award Show1980The 52nd Annual Academy Awards
0%
Award Show1986The 58th Annual Academy Awards
0%
TV Show1989, 1990The Arsenio Hall Show
0%
TV Special1977The Bob Hope All Star Christmas Comedy Special
0%
TV Film1986The Christmas Toy
0%
TV Show1971The Dick Cavett Show
0%
TV Show1981The Don Lane Show
0%
TV Special1990The Earth Day Special
0%
TV Show1966-1971The Ed Sullivan Show
0%
TV Special1982The Fantastic Miss Piggy Show
0%
TV Special1971The Frog Prince
0%
TV Film1970The Great Santa Claus Switch
0%
TV Show1966The Hollywood Palace
0%
TV Show1963-1965The Jack Paar Program
0%
TV Show1989-1992The Jim Henson Hour
0%
TV Show1963-1966The Jimmy Dean Show
0%
TV Show1973The Julie Andrews Hour
0%
Film1985The Kermit and Piggy Story
0%
TV Film1964The Land of Tinkerdee
0%
TV Documentary1984The Making of 'The Muppets Take Manhattan'
0%
TV Show1966-1979The Mike Douglas Show
0%
TV Special1979The Muppets Go Hollywood
0%
TV Film1981The Muppets Go to the Movies
0%
Short Film1976The Muppet Show Pitch Reel
0%
TV Special1979The Orson Welles Show
0%
Short Film1967The Paperwork Explosion
0%
TV Show1956, 1957The Steve Allen Plymouth Show
0%
TV Show1956The Tonight Show
0%
TV Show1974-1989The Tonight Show Starring Johnny Carson
0%
TV Short1969The Wizard of Id
0%
TV Show1985Today in New York
0%
Short Film1965Wilson's Meats Meeting Film #1
0%
Short Film1965Wilson's Meats Meeting Film #2
0%
Short Film1988Wow, You're a Cartoonist!
0%
Short Film1988You're the Director
0%

Score Distribution

Percentile by Number Answered

Percent of People with Each Score

Your Score History

You have not taken this quiz since the last reset